[Event "Kimry-ch"]
[Site "Kimry"]
[Date "2015.01.06"]
[Round "8"]
[White "Kruglikova, Viktorija"]
[Black "Pakhteev, Yury"]
[Result "1-0"]
[WhiteElo "1898"]
[BlackElo "2245"]
[PlyCount "45"]
[EventDate "2015.01.02"]
[EventType "swiss"]
[EventRounds "9"]
[EventCountry "RUS"]
[SourceTitle "CBM 164 Extra"]
[Source "ChessBase"]
[SourceDate "2015.03.02"]
[SourceVersion "1"]
[SourceVersionDate "2015.03.02"]
[SourceQuality "1"]

1. d4 Nf6 2. c4 g6 3. Nc3 Bg7 4. e4 0-0 5. Be2 d6 6. Nf3 Nbd7 7. 0-0 e5 8. d5 Nh5 9. a3 Nf4 10. b4 f5 11. Ne1 fxe4 12. Nxe4 Qh4 13. Bf3 Qe7 14. Be3 Nf6 15. Nxf6+ Qxf6 16. Rc1 g5 17. c5 Qg6 18. cxd6 cxd6 19. Rc7 g4 20. Be2 e4 21. Bb5 Be5 22. Bd7 Qh5 23. Bxf4 1-0

[Event "Kimry-ch"]
[Site "Kimry"]
[Date "2015.01.04"]
[Round "4"]
[White "Sepp, Yuri"]
[Black "Pakhteev, Yury"]
[Result "1-0"]
[WhiteElo "1885"]
[BlackElo "2245"]
[PlyCount "49"]
[EventDate "2015.01.02"]
[EventType "swiss"]
[EventRounds "9"]
[EventCountry "RUS"]
[SourceTitle "CBM 164 Extra"]
[Source "ChessBase"]
[SourceDate "2015.03.02"]
[SourceVersion "1"]
[SourceVersionDate "2015.03.02"]
[SourceQuality "1"]

1. e4 e6 2. d4 d5 3. exd5 exd5 4. Bd3 Nf6 5. Bg5 Be7 6. Nf3 0-0 7. 0-0 c5 8. dxc5 Bxc5 9. Nc3 Be6 10. Qd2 Nc6 11. a3 Re8 12. Rfe1 h6 13. Bh4 Be7 14. Nb5 a6 15. Nbd4 Ne4 16. Bxe4 Bxh4 17. Nxe6 fxe6 18. Bg6 Bf6 19. Bxe8 Qxe8 20. c3 Na5 21. Qe2 Nb3 22. Rad1 Kf7 23. Ne5+ Kg8 24. Ng4 Nc5 25. Rxd5 1-0

[Event "Kimry op Jan"]
[Site "Kimry"]
[Date "2011.01.04"]
[Round "5"]
[White "Pakhteev, Yury"]
[Black "Vorobjev, Dmitry"]
[Result "0-1"]
[WhiteElo "2270"]
[BlackElo "2154"]
[PlyCount "58"]
[EventDate "2011.01.02"]
[EventType "swiss"]
[EventRounds "9"]
[EventCountry "RUS"]
[SourceTitle "CBM 140 Extra"]
[Source "ChessBase"]
[SourceDate "2011.03.01"]
[SourceVersion "1"]
[SourceVersionDate "2011.03.01"]
[SourceQuality "1"]

1. e4 c5 2. Nf3 d6 3. d4 Nf6 4. Bd3 cxd4 5. Nxd4 Nc6 6. Nxc6 bxc6 7. c4 g6 8. Nc3 Bg7 9. Bd2 0-0 10. Qc1 d5 11. Qc2 Rb8 12. Rb1 Be6 13. b3 dxc4 14. bxc4 Qd6 15. Rxb8 Rxb8 16. Be2 Rd8 17. Be3 Ng4 18. Bxg4 Bxg4 19. 0-0 Qb4 20. Na4 Be6 21. h3 Qxc4 22. Rd1 Rxd1+ 23. Qxd1 h5 24. Qd8+ Kh7 25. Nc5 Qxa2 26. Qxe7 Bc4 27. Nd7 Qa1+ 28. Kh2 a5 29. e5 Qb1 0-1

[Event "Kimry op Jan"]
[Site "Kimry"]
[Date "2011.01.03"]
[Round "2"]
[White "Pakhteev, Yury"]
[Black "Denishev, Marat"]
[Result "1-0"]
[WhiteElo "2270"]
[BlackElo "2134"]
[PlyCount "55"]
[EventDate "2011.01.02"]
[EventType "swiss"]
[EventRounds "9"]
[EventCountry "RUS"]
[SourceTitle "CBM 140 Extra"]
[Source "ChessBase"]
[SourceDate "2011.03.01"]
[SourceVersion "1"]
[SourceVersionDate "2011.03.01"]
[SourceQuality "1"]

1. e4 c5 2. Nf3 d6 3. d4 cxd4 4. Nxd4 Nf6 5. f3 a6 6. c4 e6 7. Nc3 Be7 8. Be3 0-0 9. g4 b6 10. Be2 Bb7 11. Qd2 Qc7 12. Rc1 Re8 13. g5 Nfd7 14. 0-0 Ne5 15. f4 Nec6 16. Nd5 exd5 17. cxd5 Qd7 18. dxc6 Nxc6 19. Nf5 Bf8 20. Bf3 g6 21. Nh6+ Bxh6 22. gxh6 Qh3 23. f5 Ne5 24. Bg2 Qh4 25. Bg5 Qh5 26. Rc3 Rac8 27. Rh3 Nc4 28. Qd4 1-0

[Event "Kimry Summer op 45th"]
[Site "Kimry"]
[Date "2009.06.13"]
[Round "5"]
[White "Pakhteev, Yury"]
[Black "Kudrin, Vladimir1111"]
[Result "1-0"]
[WhiteElo "2290"]
[BlackElo "1903"]
[PlyCount "75"]
[EventDate "2009.06.11"]
[EventType "swiss"]
[EventRounds "8"]
[EventCountry "RUS"]
[SourceTitle "EXT 2022"]
[Source "ChessBase"]
[SourceDate "2021.10.06"]
[SourceVersion "1"]
[SourceVersionDate "2021.10.06"]
[SourceQuality "1"]

1. d4 d5 2. Nf3 Nf6 3. c4 c6 4. Qc2 e6 5. Bg5 Be7 6. e3 h6 7. Bh4 g5 8. Bg3 Ne4 9. Bd3 Bb4+ 10. Nfd2 Nxg3 11. hxg3 Bd6 12. Nc3 Na6 13. a3 Nc7 14. e4 Be7 15. cxd5 exd5 16. e5 Ne6 17. Ne2 Qb6 18. Nb3 a5 19. Rc1 a4 20. Nc5 Qa5+ 21. Kf1 Bxc5 22. dxc5 Qc7 23. f4 Ra5 24. f5 Nxc5 25. Nd4 b6 26. Kf2 Nxd3+ 27. Qxd3 Rc5 28. Rce1 Rc4 29. f6 b5 30. e6 fxe6 31. Nxe6 Qb6+ 32. Kf1 Kf7 33. Qf5 Re4 34. Rxe4 dxe4 35. Rxh6 Rxh6 36. Nxg5+ Ke8 37. Qxc8+ Qd8 38. f7+ 1-0

[Event "Kimry Summer op 45th"]
[Site "Kimry"]
[Date "2009.06.13"]
[Round "6"]
[White "Pakhteev, Yury"]
[Black "Pitelin, Igor"]
[Result "1-0"]
[WhiteElo "2290"]
[BlackElo "2139"]
[PlyCount "105"]
[EventDate "2009.06.11"]
[EventType "swiss"]
[EventRounds "8"]
[EventCountry "RUS"]
[SourceTitle "EXT 2022"]
[Source "ChessBase"]
[SourceDate "2021.10.06"]
[SourceVersion "1"]
[SourceVersionDate "2021.10.06"]
[SourceQuality "1"]

1. Nf3 d5 2. d4 c6 3. c4 e6 4. Qc2 f5 5. g3 Nf6 6. Bg2 Bd6 7. 0-0 0-0 8. b3 Ne4 9. Ba3 Bxa3 10. Nxa3 Nd7 11. Rad1 g5 12. Nb1 g4 13. Ne1 Ndf6 14. f3 Ng5 15. Qc1 h6 16. Nd3 Bd7 17. Ne5 Kg7 18. Nc3 Qe7 19. Na4 b6 20. Nb2 Rac8 21. Nbd3 Be8 22. a4 Bf7 23. c5 Be8 24. b4 Nf7 25. Qe3 Nxe5 26. dxe5 Nd7 27. Rc1 gxf3 28. exf3 Bf7 29. Rc3 Rc7 30. Rfc1 Rfc8 31. Qd4 Be8 32. Bf1 Bf7 33. b5 cxb5 34. c6 Nc5 35. axb5 a6 36. Nxc5 bxc5 37. Qxc5 Qxc5+ 38. Rxc5 axb5 39. Bxb5 Ra8 40. Kf2 Ra3 41. R1c3 Ra2+ 42. Rc2 Ra3 43. R5c3 Ra5 44. Rb3 Kf8 45. Ke3 Ke7 46. Kd4 Be8 47. g4 Bg6 48. Rg2 fxg4 49. fxg4 Be8 50. Rc2 Kd8 51. h4 Rg7 52. c7+ Kc8 53. Ba6+ 1-0

[Event "Kimry Summer op 45th"]
[Site "Kimry"]
[Date "2009.06.11"]
[Round "1"]
[White "Pakhteev, Yury"]
[Black "Doronine, Vladimir"]
[Result "1-0"]
[WhiteElo "2290"]
[BlackElo "1954"]
[PlyCount "45"]
[EventDate "2009.06.11"]
[EventType "swiss"]
[EventRounds "8"]
[EventCountry "RUS"]
[SourceTitle "EXT 2022"]
[Source "ChessBase"]
[SourceDate "2021.10.06"]
[SourceVersion "1"]
[SourceVersionDate "2021.10.06"]
[SourceQuality "1"]

1. Nf3 Nf6 2. c4 g6 3. Nc3 Bg7 4. e4 d6 5. d4 0-0 6. Be2 c5 7. 0-0 cxd4 8. Nxd4 Nbd7 9. Be3 Nb6 10. f3 Bd7 11. Qd2 Rc8 12. b3 e5 13. Ndb5 Bxb5 14. Nxb5 Ne8 15. Nxa7 Ra8 16. Nb5 f5 17. c5 Nc8 18. Rfd1 fxe4 19. fxe4 Qh4 20. cxd6 Nf6 21. Bf3 Nxe4 22. Qd5+ Kh8 23. Qxe4 1-0

[Event "Kimry Winter op 41st"]
[Site "Kimry"]
[Date "2008.11.16"]
[Round "4"]
[White "Pakhteev, Yury"]
[Black "Sherbakova, Elena"]
[Result "1-0"]
[WhiteElo "2287"]
[BlackElo "1973"]
[PlyCount "87"]
[EventDate "2008.11.15"]
[EventType "swiss"]
[EventRounds "7"]
[EventCountry "RUS"]
[SourceTitle "EXT 2022"]
[Source "ChessBase"]
[SourceDate "2021.10.06"]
[SourceVersion "1"]
[SourceVersionDate "2021.10.06"]
[SourceQuality "1"]

1. Nf3 d5 2. d4 Nf6 3. c4 e6 4. Nc3 c6 5. Bg5 Be7 6. e3 Nbd7 7. Bd3 0-0 8. Rc1 dxc4 9. Bxc4 Nd5 10. Bxe7 Qxe7 11. 0-0 N7f6 12. Qe2 Bd7 13. Ne5 Rfe8 14. a3 a6 15. Ba2 Rac8 16. Na4 b6 17. e4 b5 18. Nc5 Nf4 19. Qf3 Ng6 20. Nxg6 hxg6 21. e5 Nd5 22. Nxa6 Ra8 23. Bxd5 Rxa6 24. Bxc6 Rd8 25. Bb7 Ra4 26. Rc7 Rxd4 27. Bc6 Bxc6 28. Qxc6 Qe8 29. Qxe8+ Rxe8 30. Rc5 Rd5 31. Rfc1 Red8 32. h3 Kf8 33. Kf1 Ke7 34. R1c2 g5 35. Ke2 f5 36. exf6+ gxf6 37. Rxd5 Rxd5 38. Rd2 Rc5 39. Kd1 Rd5 40. Rxd5 exd5 41. Kd2 Ke6 42. Kd3 Ke5 43. g3 f5 44. b3 1-0

[Event "Kimry Winter op 41st"]
[Site "Kimry"]
[Date "2008.11.16"]
[Round "5"]
[White "Shidlovski, Yuri"]
[Black "Pakhteev, Yury"]
[Result "0-1"]
[WhiteElo "2017"]
[BlackElo "2287"]
[PlyCount "68"]
[EventDate "2008.11.15"]
[EventType "swiss"]
[EventRounds "7"]
[EventCountry "RUS"]
[SourceTitle "EXT 2022"]
[Source "ChessBase"]
[SourceDate "2021.10.06"]
[SourceVersion "1"]
[SourceVersionDate "2021.10.06"]
[SourceQuality "1"]

1. d4 Nf6 2. c4 c5 3. d5 e6 4. Nc3 exd5 5. cxd5 d6 6. Bg5 h6 7. Bf4 a6 8. a4 Nh5 9. Bd2 g6 10. e4 Bg7 11. Be2 Nf6 12. f4 0-0 13. Bf3 Re8 14. Nge2 Bg4 15. 0-0 Nbd7 16. h3 Bxf3 17. gxf3 c4 18. Be3 Rc8 19. Qd2 Nc5 20. Nc1 Qd7 21. Kh2 Nh5 22. a5 f5 23. Qg2 Qf7 24. Rb1 Kh7 25. Kh1 Bf6 26. Rg1 Bh4 27. N1e2 Nb3 28. Bb6 Bd8 29. exf5 gxf5 30. Nd4 Bxb6 31. axb6 Nxd4 32. Qf2 Nb3 33. Qh4 Nd2 34. Rbe1 Nxf3 0-1

[Event "Dubna Cup Rating-A"]
[Site "Dubna"]
[Date "2008.07.19"]
[Round "10"]
[White "Zasypkin, Alexey"]
[Black "Pakhteev, Yury"]
[Result "1/2-1/2"]
[WhiteElo "2195"]
[BlackElo "2311"]
[PlyCount "69"]
[EventDate "2008.07.12"]
[EventType "tourn"]
[EventRounds "11"]
[EventCountry "RUS"]
[SourceTitle "EXT 2022"]
[Source "ChessBase"]
[SourceDate "2021.10.06"]
[SourceVersion "1"]
[SourceVersionDate "2021.10.06"]
[SourceQuality "1"]

1. d4 d5 2. c4 e6 3. Nf3 c5 4. Nc3 Nc6 5. dxc5 d4 6. Ne4 Bxc5 7. Nxc5 Qa5+ 8. Bd2 Qxc5 9. e3 e5 10. exd4 exd4 11. a3 a5 12. Bd3 Nge7 13. 0-0 a4 14. Qc2 h6 15. Bf4 0-0 16. Nd2 Bf5 17. Ne4 Bxe4 18. Bxe4 f5 19. Bf3 Ng6 20. Bd2 Nge5 21. Bd5+ Kh8 22. Rfe1 Ng4 23. Bxc6 d3 24. Bb4 Qxb4 25. axb4 dxc2 26. Bxa4 Rxa4 27. Rxa4 Ne5 28. Raa1 Nd3 29. Kf1 Rc8 30. b3 b5 31. c5 Nxb4 32. Rac1 Rxc5 33. Re2 Rc3 34. Re3 Nd3 35. Rxc2 1/2-1/2

[Event "Kimry-ch"]
[Site "Kimry"]
[Date "2008.01.08"]
[Round "8"]
[White "Makhnev, Vladimir"]
[Black "Pakhteev, Yury"]
[Result "1-0"]
[WhiteElo "2282"]
[BlackElo "2298"]
[PlyCount "125"]
[EventDate "2008.01.02"]
[EventType "swiss"]
[EventRounds "9"]
[EventCountry "RUS"]
[SourceTitle "CBM 122 Extra"]
[Source "ChessBase"]
[SourceDate "2008.03.04"]
[SourceVersion "1"]
[SourceVersionDate "2008.03.04"]
[SourceQuality "1"]

1. d4 d5 2. c4 c6 3. Nf3 Nf6 4. Nc3 a6 5. cxd5 cxd5 6. Bf4 Nc6 7. Rc1 e6 8. Ne5 Bd7 9. Nxd7 Nxd7 10. e3 Rc8 11. Bd3 Be7 12. Bb1 0-0 13. Qd3 Nf6 14. 0-0 g6 15. Na4 Nd7 16. a3 Qa5 17. Bc2 b5 18. Nc5 Bxc5 19. dxc5 Nxc5 20. Qe2 Nb7 21. h4 e5 22. Bh6 Rfd8 23. Qf3 Rd6 24. Bb3 e4 25. Qh3 Rcd8 26. Bf4 Rf6 27. Rfd1 b4 28. Bg5 Rfd6 29. Bxd8 Nbxd8 30. axb4 Nxb4 31. Qc8 Nd3 32. Qb8 Nxc1 33. Rxc1 Qb6 34. Qxb6 Rxb6 35. Bxd5 Ne6 36. b3 Kg7 37. f3 exf3 38. gxf3 Kf6 39. Kf2 Ke5 40. Bc4 h6 41. Rd1 g5 42. hxg5 hxg5 43. Rd5+ Kf6 44. Kg3 Rc6 45. Kg4 Ng7 46. Rxg5 Ne6 47. Ra5 Rc8 48. f4 Rg8+ 49. Kf3 Rh8 50. Rxa6 Rh3+ 51. Ke4 Ke7 52. b4 Rh5 53. Ra5 Rh3 54. Ra3 Kf6 55. Bxe6 fxe6 56. b5 Rh1 57. Rb3 Rh7 58. b6 Rb7 59. Rb5 Ke7 60. Ke5 Kd7 61. Rb2 Rb8 62. b7 Kc7 63. Rh2 1-0

[Event "Kimry-ch"]
[Site "Kimry"]
[Date "2007.01.08"]
[Round "9"]
[White "Pakhteev, Yury"]
[Black "Kolpakov, Nikolay Anastasievi"]
[Result "1-0"]
[WhiteElo "2287"]
[BlackElo "2217"]
[PlyCount "107"]
[EventDate "2007.01.02"]
[EventType "swiss"]
[EventRounds "9"]
[EventCountry "RUS"]
[SourceTitle "EXT 2010"]
[Source "ChessBase"]
[SourceDate "2010.11.25"]
[SourceVersion "1"]
[SourceVersionDate "2010.11.25"]
[SourceQuality "1"]

1. Nf3 f5 2. d4 Nf6 3. c4 g6 4. Nc3 Bg7 5. g3 0-0 6. Bg2 d6 7. 0-0 Nc6 8. d5 Na5 9. Nd2 c5 10. a3 b6 11. Ra2 Bd7 12. b4 Nb7 13. Bb2 a6 14. Nb3 Qc7 15. b5 a5 16. Na4 Nd8 17. f4 Rb8 18. Nd2 e6 19. e4 exd5 20. exd5 Nf7 21. Qa1 Nh6 22. Re1 Rbe8 23. Rxe8 Nxe8 24. Nf3 Ng4 25. Bxg7 Nxg7 26. Re2 h6 27. Nh4 Kf7 28. Re7+ Kxe7 29. Qxg7+ Kd8 30. Qxf8+ Be8 31. Nxg6 Ne3 32. Bh3 Nxc4 33. Qf6+ Kc8 34. Bxf5+ Kb8 35. Nc3 Nxa3 36. Qe7 Qxe7 37. Nxe7 Nxb5 38. Nxb5 Bxb5 39. g4 a4 40. g5 hxg5 41. fxg5 a3 42. Bb1 c4 43. g6 Be8 44. g7 Bf7 45. Nf5 Bxd5 46. Be4 a2 47. Bxd5 Kc7 48. g8Q a1Q+ 49. Kg2 Qb2+ 50. Kf3 Qc3+ 51. Kg4 b5 52. Qe8 Kb6 53. Qd8+ Kc5 54. Qxd6# 1-0

[Event "Kimry-ch"]
[Site "Kimry"]
[Date "2007.01.02"]
[Round "2"]
[White "Asrian, Armen"]
[Black "Pakhteev, Yury"]
[Result "1/2-1/2"]
[WhiteElo "2178"]
[BlackElo "2287"]
[PlyCount "33"]
[EventDate "2007.01.02"]
[EventType "swiss"]
[EventRounds "9"]
[EventCountry "RUS"]
[SourceTitle "EXT 2010"]
[Source "ChessBase"]
[SourceDate "2010.11.25"]
[SourceVersion "1"]
[SourceVersionDate "2010.11.25"]
[SourceQuality "1"]

1. e4 e6 2. Nf3 d5 3. e5 c5 4. b4 cxb4 5. a3 Nc6 6. d4 Nge7 7. axb4 Nxb4 8. c3 Nbc6 9. Na3 f6 10. Nb5 Ng6 11. Bd3 Be7 12. exf6 gxf6 13. Nh4 f5 14. Nxg6 hxg6 15. Bf4 Kf7 16. Nc7 Rb8 17. Nb5 1/2-1/2

[Event "Kimry-ch"]
[Site "Kimry"]
[Date "2005.01.??"]
[Round "8"]
[White "Pakhteev, Yury"]
[Black "Doronine, Vladimir"]
[Result "1-0"]
[WhiteElo "2316"]
[BlackElo "1895"]
[PlyCount "147"]
[EventDate "2005.01.??"]
[EventType "swiss"]
[EventRounds "9"]
[EventCountry "RUS"]
[SourceTitle "EXT 2006"]
[Source "ChessBase"]
[SourceDate "2005.11.24"]
[SourceVersion "1"]
[SourceVersionDate "2005.11.24"]
[SourceQuality "1"]

1. Nf3 Nf6 2. c4 g6 3. Nc3 Bg7 4. e4 d6 5. Be2 c5 6. d4 cxd4 7. Nxd4 Nc6 8. Be3 0-0 9. 0-0 Bd7 10. f3 Nxd4 11. Bxd4 a6 12. Qd2 Rc8 13. Rfd1 e5 14. Be3 Rc6 15. a4 Ne8 16. a5 Nc7 17. b4 Ne6 18. Bb6 Rxb6 19. axb6 Qxb6+ 20. Kh1 Nd4 21. Nd5 Qd8 22. Rdb1 f5 23. Bd3 Qh4 24. Ra2 Bh6 25. Qe1 Qd8 26. Nc3 Qg5 27. b5 axb5 28. cxb5 Be6 29. Ra7 Qf4 30. Ne2 Qe3 31. Nxd4 Qxd4 32. Ra3 fxe4 33. Qxe4 Qc5 34. Ra4 Bd5 35. Qxd5+ Qxd5 36. Bc4 Qxc4 37. Rxc4 Be3 38. b6 Bc5 39. Ra4 Rc8 40. g3 Kf7 41. Kg2 Ke6 42. f4 Kd7 43. fxe5 dxe5 44. Rc4 Rc6 45. Kf3 Rxb6 46. Rxb6 Bxb6 47. Ke4 Bd4 48. Kd5 h6 49. h3 g5 50. g4 Bb2 51. Rc2 Bd4 52. Rc4 Ba1 53. Rc1 Bd4 54. Rf1 Ke7 55. Rb1 b6 56. Rb3 Kf6 57. Rf3+ Kg6 58. Rf8 Kg7 59. Rc8 Kg6 60. Rc6+ Kg7 61. Ke4 Kh7 62. Kf5 Kg7 63. Rc7+ Kf8 64. Rh7 Kg8 65. Rxh6 b5 66. Rc6 b4 67. Rc8+ Kg7 68. Rb8 Bc3 69. Kxg5 Kf7 70. Kf5 Be1 71. Rb7+ Kg8 72. Kxe5 Kf8 73. Ke6 Kg8 74. g5 1-0

[Event "Kimry-ch"]
[Site "Kimry"]
[Date "2005.01.??"]
[Round "5"]
[White "Prizant, Jaroslav"]
[Black "Pakhteev, Yury"]
[Result "1-0"]
[WhiteElo "2492"]
[BlackElo "2316"]
[PlyCount "50"]
[EventDate "2005.01.??"]
[EventType "swiss"]
[EventRounds "9"]
[EventCountry "RUS"]
[SourceTitle "EXT 2006"]
[Source "ChessBase"]
[SourceDate "2005.11.24"]
[SourceVersion "1"]
[SourceVersionDate "2005.11.24"]
[SourceQuality "1"]

1. e4 Nf6 2. e5 Nd5 3. d4 d6 4. c4 Nb6 5. exd6 cxd6 6. Nc3 g6 7. h3 Bg7 8. Nf3 Nc6 9. Be3 0-0 10. Rc1 d5 11. c5 Nc4 12. Bxc4 dxc4 13. 0-0 Bf5 14. Qa4 Bd3 15. Rfd1 Nxd4 16. Nxd4 Bxd4 17. Rxd3 cxd3 18. Bxd4 Re8 19. Rd1 e5 20. Be3 f5 21. Qc4+ Kg7 22. Rxd3 Qe7 23. f4 e4 24. Rd6 Rad8 25. Bd4+ Kh6 1-0

[Event "Kimry-ch"]
[Site "Kimry"]
[Date "2005.01.??"]
[Round "9"]
[White "Prusakov, Dmitry"]
[Black "Pakhteev, Yury"]
[Result "1-0"]
[WhiteElo "2139"]
[BlackElo "2316"]
[PlyCount "75"]
[EventDate "2005.01.??"]
[EventType "swiss"]
[EventRounds "9"]
[EventCountry "RUS"]
[SourceTitle "EXT 2006"]
[Source "ChessBase"]
[SourceDate "2005.11.24"]
[SourceVersion "1"]
[SourceVersionDate "2005.11.24"]
[SourceQuality "1"]

1. e4 Nf6 2. e5 Nd5 3. d4 d6 4. c4 Nb6 5. exd6 exd6 6. h3 Be7 7. Nf3 0-0 8. Be2 Bf5 9. 0-0 Bf6 10. Nc3 Re8 11. Bf4 a5 12. Bd3 Qd7 13. Nd5 Nxd5 14. cxd5 Bxd3 15. Qxd3 c6 16. dxc6 Nxc6 17. a3 a4 18. Bg5 Nxd4 19. Bxf6 Nxf3+ 20. Qxf3 gxf6 21. Qxf6 Re6 22. Qd4 Rg6 23. Kh2 Ra5 24. f4 Rh5 25. Rae1 d5 26. Re3 Re6 27. Rg3+ Rg6 28. Rff3 Rf5 29. Rc3 h5 30. Rce3 Kh7 31. Rxg6 fxg6 32. g4 Rf7 33. Kg3 Qd6 34. Re5 h4+ 35. Kxh4 Qf6+ 36. Kg3 g5 37. Rxd5 gxf4+ 38. Kf3 1-0